000 01511cam a22001934a 4500
005 20250605164107.0
008 250528s ||||||||||||||||||||||||d
035 _a17785
020 _a9781412937528
040 _aGR-AtMCL
_bgre
_dGR-AtMCL
_eAACR2
245 1 _aClinical Psychology / Science, Practice, and Culture
260 _bSage Publications,
_c2008
300 _a536
520 _aThis text covers all subfields of clinical psychology thoroughly, including the history and current state of the field, clinical assessment, psychotherapy, ethical and professional issues, and specialized topics such as forensic and health psychology. Preface, Acknowledgements, Introducing Clinical Psychology, Defining Clinical Psychology, Evolution of Clinical Psychology, Current Controversies in Clinical Psychology, Cultural Issues in Clinical Psychology, Ethical Issues in Clinical Psychology, Conducting Research in Clinical Psychology, Assessment, Diagnosis and Classification Issues, The Clinical Interview, Intellectual and Neuropsychological Assessment, Personality Assessment and Behavioral Assessment, Psychotherapy, General Issues in Psychotherapy, Psychodynamic Psychotherapy, Humanistic Psychotherapy, Behavioral Psychotherapy, Cognitive Psychotherapy, Group and Family Therapy, Special Topics, Clinical Child and Adolescent Psychology, Health Psychology, Forensic Psychology, Glossary, References, Index.
700 1 _aPomerantz Andrew M
_94035
942 _cBK
999 _c3185
_d3185